[Event "Klubbmesterskapet i Tromsø 2024"]
[Site "Tromsø Sjakklubb"]
[Date "2024.10.24"]
[Round "1"]
[White "Tørfoss, Sivert S."]
[Black "Aas, Robert J"]
[Result "0-1"]
[WhiteElo "2140"]
[BlackElo "1901"]
[PlyCount "119"]
[EventDate "2024.??.??"]

1. Nf3 Nf6 2. c4 g6 3. g3 Bg7 4. Bg2 O-O 5. O-O d6 6. Nc3 Nc6 7. d3 e5 8. Rb1
Re8 9. b4 e4 10. dxe4 Nxe4 11. Nxe4 Rxe4 12. b5 Nb8 13. Ng5 Re5 14. f4 Re7 15.
Bb2 Bxb2 16. Rxb2 h6 17. Ne4 Nd7 18. c5 f5 19. cxd6 Rxe4 20. Bxe4 fxe4 21. f5
Nf6 22. fxg6 cxd6 23. Qd4 Kg7 24. e3 Bg4 25. Rf4 Bf3 26. Rc2 Kxg6 27. g4 Qe7
28. h4 Rf8 29. h5+ Kg7 30. Qxa7 Rf7 31. Qa3 b6 32. Qb2 Qe5 33. Qxe5 dxe5 34.
Rf5 Nxg4 35. Rxf7+ Kxf7 36. Rc3 Bd1 37. Rc6 Nxe3 38. Rxb6 Nc2 39. Rd6 e3 40.
Rxd1 e2 41. Rc1 e1=Q+ 42. Rxe1 Nxe1 43. b6 Nf3+ 44. Kf2 Nd4 45. Ke3 Nc6 46. Ke4
Ke6 47. a3 Na5 48. a4 Nb7 49. Kd3 Kd5 50. Kc3 Kc5 51. Kd3 Kc6 52. Ke4 Kd6 53.
Kd3 Kd5 54. Kc3 e4 55. Kd2 Kd4 56. Ke2 e3 57. Ke1 Kd3 58. Kd1 e2+ 59. Ke1 Ke3
60. a5 0-1

[Event "Klubbmesterskapet i Tromsø 2024"]
[Site "Tromsø Sjakklubb"]
[Date "2024.10.24"]
[Round "1"]
[White "Gulljord, Birk"]
[Black "Røyset, Pål N."]
[Result "0-1"]
[WhiteElo "1851"]
[BlackElo "2111"]
[PlyCount "111"]
[EventDate "2024.??.??"]

1. d4 Nf6 2. c4 e6 3. Nf3 d5 4. g3 Bb4+ 5. Bd2 a5 6. Bg2 O-O 7. O-O Nc6 8. a3
Bxd2 9. Nbxd2 a4 10. Qc2 Re8 11. Rac1 h6 12. Rfd1 Bd7 13. e3 Qe7 14. Nb1 Na5
15. Nbd2 dxc4 16. Ne5 Bb5 17. Nexc4 Nxc4 18. Nxc4 c6 19. Ne5 Red8 20. Nd3 Bxd3
21. Rxd3 e5 22. dxe5 Qxe5 23. Rcd1 Rxd3 24. Rxd3 h5 25. Rd4 g6 26. Qc3 Kg7 27.
Rb4 Qxc3 28. bxc3 Ra7 29. c4 Nd7 30. Be4 Nc5 31. Bc2 Ra8 32. Kf1 f5 33. Ke2 h4
34. Kf3 Kf6 35. gxh4 Rh8 36. Kg3 Rd8 37. Kf3 Rd2 38. Bb1 Ke5 39. Kg3 Re2 40.
Kg2 Re1 41. Bc2 Ra1 42. Bxa4 Rxa3 43. Bd1 Ra2 44. h5 gxh5 45. Bxh5 f4 46. Kf3
fxe3 47. Kxe3 Ra3+ 48. Ke2 Rh3 49. Bg4 Rxh2 50. Bc8 Rh8 51. Bg4 Rh4 52. f3 Kd4
53. Kf2 Nd3+ 54. Kg3 Rxg4+ 55. fxg4 Nxb4 56. g5 0-1

[Event "Klubbmesterskapet i Tromsø 2024"]
[Site "Tromsø Sjakklubb"]
[Date "2024.10.24"]
[Round "1"]
[White "Mikalsen, Bengt A."]
[Black "Jæger, Frode B."]
[Result "1/2-1/2"]
[WhiteElo "1831"]
[BlackElo "2083"]
[PlyCount "41"]
[EventDate "2024.??.??"]

1. d4 Nf6 2. c4 e6 3. Nf3 c5 4. d5 d6 5. Nc3 exd5 6. cxd5 g6 7. e4 Bg7 8. Bd3
a6 9. a4 Bg4 10. h3 Bxf3 11. Qxf3 Nbd7 12. Qe2 O-O 13. a5 Ne5 14. Bc2 b5 15.
axb6 Qxb6 16. O-O c4 17. Be3 Qc7 18. f4 Nd3 19. Bxd3 cxd3 20. Qxd3 Rfb8 21. Bd4
1/2-1/2

[Event "Klubbmesterskapet i Tromsø 2024"]
[Site "Tromsø Sjakklubb"]
[Date "2024.10.25"]
[Round "2"]
[White "Jæger, Frode B."]
[Black "Tørfoss, Sivert S."]
[Result "0-1"]
[WhiteElo "2083"]
[BlackElo "2140"]
[PlyCount "72"]
[EventDate "2024.??.??"]

1. e4 e5 2. Nf3 Nc6 3. Bb5 a6 4. Ba4 Nf6 5. O-O Be7 6. Re1 b5 7. Bb3 O-O 8. c3
d6 9. h3 Nb8 10. d4 Nbd7 11. Nbd2 Bb7 12. Bc2 Re8 13. Nf1 Bf8 14. Ng3 g6 15. a4
Bg7 16. Bd3 c6 17. b3 d5 18. dxe5 Nxe4 19. Bxe4 dxe4 20. Nxe4 Nxe5 21. Nxe5
Rxe5 22. Bf4 Rd5 23. Qc2 Qd7 24. Rac1 Qf5 25. Nd6 Qxf4 26. Nxb7 Rd2 27. Qe4
Qxf2+ 28. Kh1 Be5 29. Qf3 Qxf3 30. gxf3 Bf4 31. Rcd1 bxa4 32. bxa4 Rb8 33. Na5
Rh2+ 34. Kg1 Rbb2 35. Nxc6 Rhg2+ 36. Kh1 Rg5 0-1

[Event "Klubbmesterskapet i Tromsø 2024"]
[Site "Tromsø Sjakklubb"]
[Date "2024.10.25"]
[Round "2"]
[White "Røyset, Pål N."]
[Black "Machlik, Monika"]
[Result "0-1"]
[WhiteElo "2111"]
[BlackElo "2089"]
[PlyCount "132"]
[EventDate "2024.??.??"]

1. e4 c6 2. d4 d5 3. exd5 cxd5 4. Bd3 Nc6 5. c3 e6 6. Bf4 Nge7 7. Nd2 f6 8.
Ngf3 g5 9. Bxg5 fxg5 10. Nxg5 Rg8 11. Nxh7 Bg7 12. Nf3 Kd7 13. Nhg5 Kc7 14. Qd2
a6 15. h4 Kb6 16. O-O-O Ka7 17. Rde1 Bh6 18. Kb1 Qb6 19. Qc2 Nd8 20. Re5 Bd7
21. Rhe1 Rc8 22. Qb3 Ng6 23. Bxg6 Qxb3 24. axb3 Rxg6 25. R5e2 Nc6 26. Nf7 Bg7
27. g3 Rf8 28. N3e5 Bxe5 29. Nxe5 Nxe5 30. dxe5 Rf3 31. Rh1 Bb5 32. c4 dxc4 33.
h5 Rg8 34. bxc4 Bxc4 35. Rd2 Bd3+ 36. Kc1 Bf5 37. Rh4 Rb3 38. h6 Rb5 39. h7 Rh8
40. Rd7 Rxe5 41. Rh5 Rc8+ 42. Kd2 Rc2+ 43. Kd1 Bg4+ 44. Kxc2 Rxh5 45. Kc3 Bf5
46. Re7 Rxh7 47. Rxh7 Bxh7 48. Kd4 b5 49. Ke5 a5 50. Kxe6 b4 51. Kd5 Kb6 52.
Kc4 Bg8+ 53. Kd3 a4 54. Kc2 Bh7+ 55. Kc1 Kc5 56. f4 Bf5 57. g4 Bxg4 58. Kb1 Be6
59. Ka1 Kd4 60. Kb1 Ke4 61. Ka1 Kxf4 62. Kb1 Ke4 63. Ka1 Ke3 64. Kb1 Kd2 65.
Ka1 Kc2 66. b3 Kxb3 0-1

[Event "Klubbmesterskapet i Tromsø 2024"]
[Site "Tromsø Sjakklubb"]
[Date "2024.10.25"]
[Round "2"]
[White "Aas, Robert J."]
[Black "Mikalsen, Bengt A."]
[Result "1-0"]
[WhiteElo "1901"]
[BlackElo "1831"]
[PlyCount "101"]
[EventDate "2024.??.??"]

1. d4 Nf6 2. c4 d6 3. Nf3 g6 4. g3 Bg7 5. Bg2 O-O 6. O-O Nbd7 7. Nc3 c6 8. h3
Qc7 9. e4 e5 10. Rb1 a6 11. a4 Re8 12. Be3 Nf8 13. Qd2 Bd7 14. Rfd1 Rad8 15. b4
Qc8 16. dxe5 dxe5 17. Bb6 Re7 18. Bxd8 Qxd8 19. Qe2 Qc8 20. Kh2 Nh5 21. c5 Ne6
22. Qd3 Qf8 23. Re1 h6 24. Rbd1 Kh7 25. Rf1 Bc8 26. Ne2 f6 27. Nh4 Qe8 28. Bf3
Rd7 29. Qc2 Nd4 30. Nxd4 exd4 31. e5 f5 32. Bxh5 gxh5 33. Qxf5+ Kg8 34. f4 Rd5
35. Qg6 Qd7 36. f5 Rxe5 37. Qxh5 Qd5 38. Qf3 Qc4 39. Rf2 Bf6 40. Qg4+ Bg5 41.
Rxd4 Qf7 42. Rd8+ Re8 43. Rxe8+ Qxe8 44. Nf3 Qe3 45. Kg2 Kf7 46. Qc4+ Kf6 47.
Re2 Qa3 48. Qd4+ Kf7 49. Ne5+ Kg8 50. Qc4+ Kh8 51. Qf7 1-0

[Event "Klubbmesterskapet i Tromsø 2024"]
[Site "Tromsø Sjakklubb"]
[Date "2024.10.25"]
[Round "2"]
[White "Solbu, August"]
[Black "Gulljord, Birk"]
[Result "1/2-1/2"]
[WhiteElo "1843"]
[BlackElo "1851"]
[PlyCount "67"]
[EventDate "2024.??.??"]

1. e4 c6 2. d4 d5 3. exd5 cxd5 4. Bd3 Nc6 5. c3 Nf6 6. Bf4 Bg4 7. Qb3 Qd7 8.
Nd2 e6 9. Ngf3 Bd6 10. Bxd6 Qxd6 11. O-O O-O 12. Rae1 Rab8 13. Ne5 Rfc8 14. a3
b5 15. Re3 Bf5 16. Bxf5 exf5 17. Qd1 a5 18. Nb3 Ra8 19. Rfe1 g6 20. Nc5 b4 21.
Qc1 bxa3 22. bxa3 Nxe5 23. dxe5 Qxc5 24. exf6 Qd6 25. Qd2 Qxf6 26. Qxd5 Rd8 27.
Qc5 Qd6 28. Qxd6 Rxd6 29. Kf1 Rc8 30. Re8+ Rxe8 31. Rxe8+ Kg7 32. Re5 Rc6 33.
Rxa5 Rxc3 34. a4 1/2-1/2

[Event "Klubbmesterskapet i Tromsø 2024"]
[Site "Tromsø Sjakklubb"]
[Date "2024.10.26"]
[Round "3"]
[White "Tørfoss, Sivert S."]
[Black "Røyset, Pål N."]
[Result "0-1"]
[WhiteElo "2140"]
[BlackElo "2111"]
[PlyCount "93"]
[EventDate "2024.??.??"]

1. d4 d5 2. Nf3 e6 3. g3 c5 4. Bg2 cxd4 5. O-O Nc6 6. Nxd4 Qb6 7. Nb3 Nf6 8.
Be3 Qc7 9. Bf4 e5 10. Bg5 Ne4 11. Bxe4 dxe4 12. Qd5 Bh3 13. Rc1 Be6 14. Qxe4 f5
15. Qh4 Bb4 16. c3 Bd6 17. c4 Qf7 18. N1d2 O-O 19. Be3 Rad8 20. Nf3 h6 21. Bc5
e4 22. Bxd6 Rxd6 23. Qf4 Rd7 24. Ne5 g5 25. Nxf7 gxf4 26. Nc5 Kxf7 27. Nxd7
Bxd7 28. Rd1 Be6 29. b3 Rg8 30. Rac1 h5 31. b4 h4 32. Rc3 Ne5 33. c5 e3 34. b5
hxg3 35. hxg3 fxg3 36. f3 Rc8 37. Rdc1 f4 38. Ra3 Bc4 39. Rxc4 Nxc4 40. Rxa7
Rxc5 41. Rxb7+ Ke6 42. a4 Nd6 43. Ra7 Rc1+ 44. Kg2 Re1 45. b6 Rxe2+ 46. Kg1 Rb2
47. b7 0-1

[Event "Klubbmesterskapet i Tromsø 2024"]
[Site "Tromsø Sjakklubb"]
[Date "2024.10.26"]
[Round "3"]
[White "Machlik, Monika"]
[Black "Aas, Robert J."]
[Result "1-0"]
[WhiteElo "2089"]
[BlackElo "1901"]
[PlyCount "55"]
[EventDate "2024.??.??"]

1. d4 Nf6 2. c4 g6 3. Nc3 Bg7 4. e4 d6 5. Nf3 O-O 6. Be2 e5 7. O-O Nc6 8. d5
Ne7 9. b4 Nh5 10. Re1 Nf4 11. Bf1 Bg4 12. h3 Bxf3 13. Qxf3 f5 14. Bd2 a5 15.
bxa5 c5 16. Reb1 Qd7 17. Rb5 fxe4 18. Qxe4 Nf5 19. Rab1 Ra7 20. R5b2 Nd4 21.
Nb5 Nf5 22. Nxa7 Qf7 23. Rxb7 Qf6 24. Bxf4 exf4 25. Qe6+ Qxe6 26. dxe6 Bd4 27.
Nc6 Re8 28. a6 1-0

[Event "Klubbmesterskapet i Tromsø 2024"]
[Site "Tromsø Sjakklubb"]
[Date "2024.10.26"]
[Round "3"]
[White "Gulljord, Birk"]
[Black "Jæger, Frode B."]
[Result "1-0"]
[WhiteElo "1851"]
[BlackElo "2083"]
[PlyCount "59"]
[EventDate "2024.??.??"]

1. d4 e6 2. c4 b6 3. Nf3 Bb7 4. g3 Bb4+ 5. Bd2 Bxf3 6. exf3 Bxd2+ 7. Qxd2 Nf6
8. Bg2 O-O 9. O-O d5 10. f4 c6 11. b3 Nbd7 12. Qc2 Rc8 13. Nd2 c5 14. dxc5 Nxc5
15. Rad1 Qd7 16. Nf3 Qc7 17. Rfe1 Nce4 18. Ng5 b5 19. Nxe4 dxe4 20. Bxe4 bxc4
21. Rc1 c3 22. Re3 Rfd8 23. Bf3 Qa5 24. Rxc3 Rxc3 25. Qxc3 Qxa2 26. Ra1 Qd2 27.
Rd1 Qxd1+ 28. Bxd1 Rxd1+ 29. Kg2 Nd7 30. Qa5 1-0

[Event "Klubbmesterskapet i Tromsø 2024"]
[Site "Tromsø Sjakklubb"]
[Date "2024.10.26"]
[Round "4"]
[White "Solbu, August"]
[Black "Tørfoss, Sivert S."]
[Result "0-1"]
[WhiteElo "1843"]
[BlackElo "2140"]
[PlyCount "172"]
[EventDate "2024.??.??"]

1. a3 Nf6 2. Nf3 c5 3. e3 e6 4. d4 b6 5. c4 cxd4 6. exd4 d5 7. Nc3 Be7 8. Bd3
O-O 9. Ne5 dxc4 10. Bxc4 Bb7 11. O-O Nc6 12. Be3 Rc8 13. Ba2 Na5 14. Qd3 Nd5
15. Nxd5 Bxd5 16. b4 Bxa2 17. Rxa2 Nc6 18. Qe4 Qd5 19. Qxd5 exd5 20. Raa1 Bd6
21. Nxc6 Rxc6 22. Rac1 Rc4 23. Rxc4 dxc4 24. Bd2 b5 25. Ra1 a6 26. Bc3 Rb8 27.
f3 f6 28. Kf2 Kf7 29. Re1 Ra8 30. g3 Bc7 31. a4 Bb6 32. axb5 axb5 33. Ra1 Rb8
34. Re1 Rd8 35. Re4 Ra8 36. Ke1 Ra3 37. Re3 Bc7 38. Bd2 Ra4 39. Kd1 Bd6 40. d5
Bxb4 41. Bxb4 Rxb4 42. d6 Rb3 43. Re7+ Kf8 44. Rb7 Rxf3 45. Ke2 Rd3 46. Rxb5
Rxd6 47. Rc5 Ra6 48. Kf3 Ra2 49. h4 Rc2 50. Rc7 Rc1 51. g4 c3 52. h5 c2 53. Ke2
Rg1 54. Rxc2 Rxg4 55. Rc8+ Ke7 56. h6 gxh6 57. Rc7+ Ke6 58. Rxh7 Rg6 59. Ra7
Rg5 60. Kf3 Kf5 61. Ra5+ Kg6 62. Ra4 h5 63. Rb4 Rg1 64. Rb8 Rg4 65. Rg8+ Kf5
66. Rh8 Rg5 67. Ra8 h4 68. Rh8 Rg3+ 69. Kf2 Kg5 70. Rg8+ Kf4 71. Rh8 Rg4 72.
Ra8 f5 73. Ra3 Kg5 74. Rb3 Rc4 75. Kg2 Kg4 76. Rb2 f4 77. Ra2 Rc3 78. Rb2 Re3
79. Kh2 h3 80. Ra2 Re4 81. Rb2 f3 82. Rb8 Re2+ 83. Kh1 f2 84. Rg8+ Kh5 85. Rh8+
Kg6 86. Rg8+ Kf7 0-1

[Event "Klubbmesterskapet i Tromsø 2024"]
[Site "Tromsø Sjakklubb"]
[Date "2024.10.26"]
[Round "4"]
[White "Røyset, Pål N."]
[Black "Robert Jægtvik Aas"]
[Result "1-0"]
[WhiteElo "2111"]
[BlackElo "1901"]
[PlyCount "71"]
[EventDate "2024.??.??"]

1. e4 e5 2. Nc3 Nf6 3. g3 Nc6 4. Bg2 Bc5 5. d3 h6 6. Nf3 d6 7. O-O a6 8. a3 Bg4
9. h3 Be6 10. b4 Ba7 11. Be3 Nd4 12. Bxd4 exd4 13. Ne2 c5 14. Nf4 O-O 15. c3
dxc3 16. Nxe6 fxe6 17. Qb3 d5 18. Qxc3 cxb4 19. Qxb4 dxe4 20. dxe4 b5 21. Kh2
Rc8 22. Ne5 Rc2 23. Qb3 Rxf2 24. Qxe6+ Kh7 25. Rxf2 Bxf2 26. Qf5+ Kg8 27. Rf1
Bc5 28. Ng6 Ng4+ 29. Qxg4 Rxf1 30. Bxf1 Qd2+ 31. Bg2 Qc1 32. Qc8+ Kf7 33. Ne5+
Ke7 34. Qd7+ Kf6 35. Ng4+ Kg6 36. Qf5# 1-0

[Event "Klubbmesterskapet i Tromsø 2024"]
[Site "Tromsø Sjakklubb"]
[Date "2024.10.26"]
[Round "4"]
[White "Gulljord, Birk"]
[Black "Machlik, Monika"]
[Result "1/2-1/2"]
[WhiteElo "1851"]
[BlackElo "2089"]
[PlyCount "77"]
[EventDate "2024.??.??"]

1. d4 Nf6 2. c4 e6 3. Nf3 b6 4. g3 Bb7 5. Bg2 Bb4+ 6. Bd2 a5 7. O-O O-O 8. a3
Bxd2 9. Nbxd2 d6 10. b3 Nbd7 11. Qc2 e5 12. e3 Qe7 13. Rad1 Rfe8 14. Nb1 Be4
15. Qb2 Bxf3 16. Bxf3 e4 17. Bg2 d5 18. Nc3 c6 19. Rc1 Nf8 20. Rc2 Ne6 21. Rfc1
Qd7 22. Bh3 h5 23. cxd5 cxd5 24. Na4 Qa7 25. Bxe6 Rxe6 26. Rc7 Qa6 27. R1c3
Rae8 28. Qc2 Rb8 29. h3 Rbe8 30. Kg2 Rb8 31. Rc8+ Re8 32. Rxb8 Rxb8 33. Rc6 Qb5
34. Rc8+ Rxc8 35. Qxc8+ Kh7 36. Qf5+ Kg8 37. Qc8+ Kh7 38. Qf5+ Kg8 39. Qc8+
1/2-1/2

[Event "Klubbmesterskapet i Tromsø 2024"]
[Site "Tromsø Sjakklubb"]
[Date "2024.10.27"]
[Round "5"]
[White "Aas, Robert J."]
[Black "Gulljord, Birk"]
[Result "1-0"]
[WhiteElo "1901"]
[BlackElo "1851"]
[PlyCount "55"]
[EventDate "2024.??.??"]

1. d4 Nf6 2. c4 e6 3. Nf3 d5 4. g3 Be7 5. Bg2 O-O 6. O-O dxc4 7. Qc2 a6 8. a4
Bd7 9. Rd1 Bc6 10. Nc3 a5 11. e4 Na6 12. Ne5 Nb4 13. Qe2 Nd7 14. Nxc4 b6 15. d5
exd5 16. exd5 Bxa4 17. Nxa4 Re8 18. Be3 Bg5 19. Nc3 Nc5 20. d6 Rc8 21. d7 Nxd7
22. Bh3 Bxe3 23. Nxe3 Re7 24. Qg4 Re6 25. Nf5 g6 26. Nd4 Rd6 27. Ndb5 f5 28.
Qc4+ 1-0

[Event "Klubbmesterskapet i Tromsø 2024"]
[Site "Tromsø Sjakklubb"]
[Date "2024.10.27"]
[Round "5"]
[White "Machlik, Monika"]
[Black "Tørfoss, Sivert S."]
[Result "1/2-1/2"]
[WhiteElo "2089"]
[BlackElo "2140"]
[PlyCount "50"]
[EventDate "2024.??.??"]

1. d4 Nf6 2. c4 e6 3. Nc3 Bb4 4. Qc2 O-O 5. a3 Bxc3+ 6. Qxc3 d5 7. Bg5 h6 8.
Bxf6 Qxf6 9. Nf3 c6 10. e3 a6 11. Rc1 Re8 12. Be2 dxc4 13. Bxc4 Nd7 14. Ne5 Qe7
15. Be2 Nxe5 16. dxe5 Rd8 17. O-O Bd7 18. Rfd1 Be8 19. h3 Rxd1+ 20. Rxd1 Rd8
21. Rd4 Rd5 22. f4 f6 23. exf6 Qxf6 24. Bf3 Rxd4 25. Qxd4 Qxd4 1/2-1/2

[Event "Klubbmesterskapet i Tromsø 2024"]
[Site "Tromsø Sjakklubb"]
[Date "2024.10.27"]
[Round "5"]
[White "Mikalsen, Bengt A."]
[Black "Solbu, August"]
[Result "0-1"]
[WhiteElo "1831"]
[BlackElo "1843"]
[PlyCount "106"]
[EventDate "2024.??.??"]

1. d4 d5 2. c4 e6 3. Nf3 Nf6 4. g3 Be7 5. Bg2 O-O 6. O-O dxc4 7. Qc2 a6 8. a4
Bd7 9. Ne5 Bc6 10. Nxc6 Nxc6 11. e3 Rc8 12. Qxc4 Na5 13. Qc3 c5 14. Bd2 b6 15.
Qd3 c4 16. Qe2 Nb3 17. Ra2 Nd5 18. Rd1 b5 19. axb5 axb5 20. Be1 Qb6 21. e4 Nxd4
22. Rxd4 Qxd4 23. exd5 Qd3 24. Kf1 Qxb1 25. Ra7 Bb4 26. dxe6 fxe6 27. Bh3 Bc5
28. Bxe6+ Kh8 29. Rf7 Rxf7 30. Bxf7 Rf8 31. Qe6 Bxf2 32. Kxf2 Qg6 33. Kg2 Qxf7
34. Qe2 Qd5+ 35. Kh3 Qf3 36. Qe7 Qf5+ 37. g4 Qf3+ 38. Bg3 Qf1+ 39. Kh4 Qf6+ 40.
Qxf6 Rxf6 41. Be5 Rf3 42. g5 b4 43. Kg4 Rb3 44. h4 Kg8 45. h5 Kf7 46. Kf5 g6+
47. hxg6+ hxg6+ 48. Ke4 Ke6 49. Bf6 Rg3 50. Kd4 c3 51. bxc3 bxc3 52. Kc4 c2 53.
Bb2 Rg1 0-1

[Event "Klubbmesterskapet i Tromsø 2024"]
[Site "Tromsø Sjakklubb"]
[Date "2024.10.27"]
[Round "5"]
[White "Jæger, Frode B."]
[Black "Røyset, Pål N."]
[Result "1-0"]
[WhiteElo "2083"]
[BlackElo "2111"]
[PlyCount "75"]
[EventDate "2024.??.??"]

1. e4 e5 2. Nf3 Nc6 3. Bb5 a6 4. Ba4 d6 5. d4 b5 6. Bb3 Nxd4 7. Nxd4 exd4 8. c3
Nf6 9. cxd4 Be7 10. O-O Bb7 11. f3 c5 12. Nc3 O-O 13. Be3 c4 14. Bc2 d5 15. e5
Ne8 16. f4 f5 17. g4 Bc8 18. Kh1 Rb8 19. Ne2 Rb6 20. gxf5 Bxf5 21. Bxf5 Rxf5
22. Ng3 Rf8 23. f5 Bg5 24. Qd2 Bxe3 25. Qxe3 Qh4 26. Rf4 Qh3 27. Qf3 Nc7 28.
Rg1 Rh6 29. Rg2 Kh8 30. e6 Rhf6 31. e7 Re8 32. Qe2 Ne6 33. Qxe6 Rxe6 34. fxe6
Kg8 35. Rgf2 g6 36. Rf8+ Kg7 37. Rxe8 Qxe6 38. Re2 1-0

[Event "Klubbmesterskapet i Tromsø 2024"]
[Site "Tromsø Sjakklubb"]
[Date "2024.10.27"]
[Round "6"]
[White "Tørfoss, Sivert S."]
[Black "Gulljord, Birk"]
[Result "1-0"]
[WhiteElo "2140"]
[BlackElo "1851"]
[PlyCount "125"]
[EventDate "2024.??.??"]

1. d4 Nf6 2. Nf3 d5 3. c4 e6 4. g3 Be7 5. Bg2 O-O 6. O-O dxc4 7. Qc2 a6 8. a4
Bd7 9. Bg5 Bc6 10. Rd1 Be4 11. Qxc4 h6 12. Bxf6 Bxf6 13. Nc3 Bh7 14. Qb3 Nc6
15. Qxb7 Qd6 16. Nd2 Na5 17. Qf3 Qb4 18. e3 Bc2 19. Rdc1 Qxb2 20. Nde4 Be7 21.
Qe2 Nb3 22. Rcb1 Qxa1 23. Qxc2 Nxd4 24. exd4 Qa3 25. Rb3 Qa1+ 26. Qb1 Qxb1+ 27.
Rxb1 Rab8 28. Rxb8 Rxb8 29. Bf1 Rb4 30. Bxa6 Rxd4 31. f3 f5 32. Nf2 Bc5 33. Kf1
Rd2 34. Nd3 Bb6 35. Bc4 Kf7 36. Ne2 Ke7 37. f4 Rd1+ 38. Kg2 Ra1 39. Bb5 Kd6 40.
Ne5 Ra2 41. Nc4+ Ke7 42. Kf3 Rc2 43. a5 Bc5 44. Ne5 Ra2 45. a6 Ra3+ 46. Kg2 Bb6
47. Nc4 Ra2 48. Nxb6 cxb6 49. Kf3 Ra5 50. Nd4 Kd6 51. Bd3 Kd5 52. Ke3 Ra3 53.
Nb5 Ra1 54. Nc7+ Kd6 55. Ne8+ Kc6 56. Nxg7 b5 57. Nxe6 Re1+ 58. Be2 Kb6 59. Nd4
Kxa6 60. Nxb5 Rxe2+ 61. Kxe2 Kxb5 62. Kf3 h5 63. Kg2 1-0

[Event "Klubbmesterskapet i Tromsø 2024"]
[Site "Tromsø Sjakklubb"]
[Date "2024.10.27"]
[Round "6"]
[White "Røyset, Pål N."]
[Black "Mikalsen, Bengt a."]
[Result "1-0"]
[WhiteElo "2111"]
[BlackElo "1831"]
[PlyCount "88"]
[EventDate "2024.??.??"]

1. e4 e5 2. Nc3 Nf6 3. g3 Bc5 4. Bg2 O-O 5. Nf3 Nc6 6. Nxe5 Nxe5 7. d4 Bxd4 8.
Qxd4 Nc6 9. Qd1 d6 10. O-O Re8 11. f4 Bd7 12. f5 h6 13. g4 Nh7 14. Bf4 Ne5 15.
Bg3 Qc8 16. h3 Bc6 17. a4 a6 18. a5 Nd7 19. Qd4 Re7 20. Rae1 Ne5 21. f6 Nxf6
22. Rxf6 gxf6 23. Rf1 Nd7 24. Rf5 Qf8 25. Bf4 Re5 26. Bxe5 fxe5 27. Qe3 Qg7 28.
g5 f6 29. gxh6 Qg6 30. Kh2 Kh7 31. Bf3 Rg8 32. Bg4 Kh8 33. Qf3 Rf8 34. b4 b6
35. axb6 Nxb6 36. Qe3 Bd7 37. Rf2 Bxg4 38. Rg2 f5 39. exf5 Qxf5 40. hxg4 Qf4+
41. Qxf4 Rxf4 42. g5 d5 43. Kh3 Rxb4 44. g6 Kg8 1-0

[Event "Klubbmesterskapet i Tromsø 2024"]
[Site "Tromsø Sjakklubb"]
[Date "2024.10.27"]
[Round "6"]
[White "Jæger, Frode B."]
[Black "Machlik, Monika"]
[Result "1/2-1/2"]
[WhiteElo "2083"]
[BlackElo "2089"]
[PlyCount "23"]
[EventDate "2024.??.??"]

1. d4 Nf6 2. c4 e6 3. Nc3 Bb4 4. e3 O-O 5. Bd3 d5 6. a3 Bxc3+ 7. bxc3 dxc4 8.
Bxc4 c5 9. Ne2 Qc7 10. Ba2 b6 11. O-O Bb7 12. f3 1/2-1/2

[Event "Klubbmesterskapet i Tromsø 2024"]
[Site "Tromsø Sjakklubb"]
[Date "2024.10.27"]
[Round "6"]
[White "Aas, Robert J."]
[Black "Solbu, August"]
[Result "1/2-1/2"]
[WhiteElo "1901"]
[BlackElo "1843"]
[PlyCount "98"]
[EventDate "2024.??.??"]

1. d4 Nf6 2. c4 e6 3. Nf3 d5 4. g3 Be7 5. Bg2 O-O 6. O-O dxc4 7. Qc2 a6 8. a4
Bd7 9. Rd1 Bc6 10. Nc3 Bb4 11. Bg5 Bxc3 12. Qxc3 Ne4 13. Bxd8 Nxc3 14. bxc3
Rxd8 15. Ne5 Bxg2 16. Kxg2 Nd7 17. Nxc4 Rdc8 18. e4 b5 19. Na5 c6 20. Nb3 Rab8
21. a5 Kf8 22. Nc5 Nxc5 23. dxc5 Rd8 24. Rab1 Ke7 25. Kf3 Rxd1 26. Rxd1 b4 27.
cxb4 Rxb4 28. Rd6 Rb5 29. Rxc6 Rxa5 30. Rc7+ Ke8 31. c6 Rc5 32. e5 a5 33. Ke4
a4 34. Kd4 Rc1 35. Ra7 Rxc6 36. Rxa4 g6 37. h4 Kf8 38. Ke4 Kg7 39. Kf4 Rc2 40.
f3 h6 41. Re4 Rc3 42. Kg4 f5+ 43. exf6+ Kxf6 44. Rf4+ Kg7 45. Re4 Kf6 46. Kf4
e5+ 47. Rxe5 Rxf3+ 48. Kxf3 Kxe5 49. g4 h5 1/2-1/2